000 00728nam a2200253 i 4500
001 C2-0289296
003 PPAK
005 20180728022141.0
008 080813s2005 nyu |||| ||||| | eng d
020 _a0375702970
040 _aPPAK
_beng
_cPPAK
_erda
082 0 4 _a813.3
_223
090 0 0 _a813.3
_bDEL
_dLCK
100 1 _aDelbanco, Andrew,
_eauthor
245 1 0 _aMelville :
_bhis world and work
264 1 _aNew York :
_bVintage Books ,
_c2005
300 _a416 pages ;
_c20 cm
336 _2rdacontent
_atext
337 _2rdamedia
_aunmediated
338 _2rdacarrier
_avolume
500 _aIncludes bibliographical references and index
650 1 0 _aNovelistd, American--19th century--Biography
942 _ddc
_cB
999 _c94778
_d94778